000 00689nam a2200253Ia 4500
003 OSt
005 20220925225629.0
006 a|||||r|||| 00| 0
007 ta
008 220923b |||||||| |||| 00| 0 eng d
037 _cGeneral Book
040 _aRTL
_cRTL
_beng
041 _2eng
_aeng
082 _aX:89V, K7
100 _aMorrison A
_9269952
245 0 _aStorage and control of stock for industry and publ
250 _a2
260 _aLondon
_bSir Isaac Pitman UK
_c1967
300 _axiv, 273p. Plates
_ccm.
500 _aAppendix P 257-68
650 _aStore Management
942 _hX:89V, K7
_cGB
_2CC
999 _c583915
_d583915